[Event "Oberliga Ost B 2016 2017"]
[Site "Germany"]
[Date "2017.05.07"]
[Round "11.2"]
[White "Dorst, Johannes"]
[Black "Uwira, Oliver"]
[Result "1-0"]
[WhiteElo "2247"]
[BlackElo "2254"]
[PlyCount "107"]
[EventDate "2016.10.16"]
[EventType "team-tourn"]
[EventCountry "GER"]
[WhiteTeam "Marburg SK"]
[BlackTeam "Frankfurt SC Koenig Nied"]
[WhiteTeamCountry "GER"]
[BlackTeamCountry "GER"]

1. e4 c5 2. Nf3 Nc6 3. Bb5 Nf6 4. Nc3 Qc7 5. O-O Nd4 6. Re1 a6 7. Bf1 Ng4 8. g3
Nxf3+ 9. Qxf3 Ne5 10. Qe2 e6 11. b3 Be7 12. Bb2 O-O 13. Nd1 b5 14. Ne3 d6 15.
c3 Bb7 16. d4 Ng6 17. Bg2 Rfe8 18. h4 Bf8 19. h5 Ne7 20. Qg4 h6 21. Rad1 cxd4
22. cxd4 d5 23. e5 a5 24. Bf1 b4 25. Bd3 Ba6 26. Bb1 Kh8 27. f4 Qd7 28. Qf3
Red8 29. g4 Ng8 30. f5 Qe7 31. Ng2 Bb5 32. fxe6 Qxe6 33. Nf4 Qe7 34. e6 Nf6 35.
exf7 Qxf7 36. Ng6+ Kg8 37. Ne5 Qb7 38. Bc1 Bd6 39. Bxh6 Bxe5 40. Rxe5 Ne4 41.
Rxe4 dxe4 42. Bxe4 Qa7 43. Bxa8 Qxa8 44. Qxa8 Rxa8 45. Bf4 Be2 46. Rc1 Bxg4 47.
Rc5 a4 48. Rg5 axb3 49. axb3 Bd1 50. Be5 Ra7 51. h6 Bxb3 52. hxg7 Bd5 53. Rh5
Kf7 54. g8=Q+ 1-0

[Event "Oberliga Ost B 2016 2017"]
[Site "Germany"]
[Date "2017.05.07"]
[Round "11.3"]
[White "Staller, Peter"]
[Black "Alber, Horst"]
[Result "1/2-1/2"]
[WhiteElo "2264"]
[BlackElo "2318"]
[PlyCount "46"]
[EventDate "2016.10.16"]
[EventType "team-tourn"]
[EventCountry "GER"]
[WhiteTeam "Frankfurt SC Koenig Nied"]
[BlackTeam "Marburg SK"]
[WhiteTeamCountry "GER"]
[BlackTeamCountry "GER"]

1. Nf3 g6 2. d4 Nf6 3. Nbd2 Bg7 4. e4 d6 5. Be2 O-O 6. O-O c6 7. c3 Nbd7 8. Qc2
Qc7 9. a4 e5 10. dxe5 Nxe5 11. Nxe5 dxe5 12. Nc4 Be6 13. Bg5 Nh5 14. Bxh5 Bxc4
15. Be2 Be6 16. Be3 Rfd8 17. Rfd1 Bf8 18. c4 Be7 19. Qc3 c5 20. f3 f6 21. g3
Kf7 22. b3 Rxd1+ 23. Rxd1 Rd8 1/2-1/2

[Event "Oberliga Ost B 2016 2017"]
[Site "Germany"]
[Date "2017.05.07"]
[Round "11.4"]
[White "Henrich, Thomas"]
[Black "Chandler, Patrick"]
[Result "0-1"]
[WhiteElo "2212"]
[BlackElo "2154"]
[PlyCount "138"]
[EventDate "2016.10.16"]
[EventType "team-tourn"]
[EventCountry "GER"]
[WhiteTeam "Marburg SK"]
[BlackTeam "Frankfurt SC Koenig Nied"]
[WhiteTeamCountry "GER"]
[BlackTeamCountry "GER"]

1. d4 Nf6 2. c4 e6 3. Nf3 b6 4. a3 Bb7 5. Nc3 Be7 6. d5 d6 7. e4 e5 8. g3 Nbd7
9. Bg2 O-O 10. O-O Ne8 11. h4 g6 12. Bh6 Ng7 13. Ng5 Nf6 14. g4 Bc8 15. Bh3 Kh8
16. f4 Ng8 17. Bxg7+ Kxg7 18. fxe5 Bxg5 19. hxg5 dxe5 20. Qd2 h6 21. gxh6+ Nxh6
22. g5 Bxh3 23. gxh6+ Kh7 24. Rf3 Bg4 25. Rg3 f5 26. Kg2 a6 27. exf5 gxf5 28.
Rf1 Rg8 29. Qe1 Qe7 30. Kg1 Rae8 31. Qf2 f4 32. Qc2+ Kh8 33. h7 Rg7 34. d6 cxd6
35. Nd5 Qh4 36. Rg2 Rf8 37. Qf2 Qxh7 38. Re1 Be6 39. Rxg7 Qxg7+ 40. Kf1 Qg3 41.
Qxg3 fxg3+ 42. Kg2 Bxd5+ 43. cxd5 Rf2+ 44. Kxg3 Rd2 45. Kg4 Kg7 46. Kf5 Kf7 47.
Rc1 Ke7 48. Rc7+ Kd8 49. Rc6 Rxd5 50. Rxb6 a5 51. Rb7 Kc8 52. Ra7 Kb8 53. Rd7
Rd4 54. b3 Rd3 55. Ke4 Kc8 56. Ra7 Rxb3 57. Rxa5 Kd7 58. Ra8 Rb1 59. Kd5 Rd1+
60. Kc4 e4 61. Ra7+ Kc6 62. Re7 d5+ 63. Kb3 Kc5 64. Kc2 Rh1 65. a4 Kc4 66. Rc7+
Kd4 67. Re7 e3 68. a5 Ra1 69. Rb7 e2 0-1

[Event "Oberliga Ost B 2016 2017"]
[Site "Germany"]
[Date "2017.05.07"]
[Round "11.5"]
[White "Prenzler, Daniel"]
[Black "Rolle, Eric"]
[Result "1/2-1/2"]
[WhiteElo "2237"]
[BlackElo "2195"]
[PlyCount "57"]
[EventDate "2016.10.16"]
[EventType "team-tourn"]
[EventCountry "GER"]
[WhiteTeam "Frankfurt SC Koenig Nied"]
[BlackTeam "Marburg SK"]
[WhiteTeamCountry "GER"]
[BlackTeamCountry "GER"]

1. e4 d5 2. exd5 Qxd5 3. Nf3 Nf6 4. d4 Bg4 5. Be2 e6 6. O-O Nc6 7. Be3 Be7 8.
Nbd2 h6 9. c4 Qd6 10. Qb3 Qb4 11. Qc2 Bf5 12. Bd3 Bxd3 13. Qxd3 Ng4 14. a3 Qa5
15. b4 Qa4 16. Ne4 Nd8 17. Bf4 Qd7 18. h3 Nf6 19. Ne5 Qc8 20. Rfe1 Nc6 21. Nxc6
bxc6 22. Nxf6+ Bxf6 23. Be5 Bxe5 24. Rxe5 O-O 25. Rc5 a5 26. bxa5 Ra6 27. Qe4
Rd8 28. Rb1 Qa8 29. Rb3 1/2-1/2

[Event "Oberliga Ost B 2016 2017"]
[Site "Germany"]
[Date "2017.05.07"]
[Round "11.6"]
[White "Schmidt, Arnd"]
[Black "Graf, Gerd"]
[Result "1/2-1/2"]
[WhiteElo "2139"]
[BlackElo "2237"]
[PlyCount "29"]
[EventDate "2016.10.16"]
[EventType "team-tourn"]
[EventCountry "GER"]
[WhiteTeam "Marburg SK"]
[BlackTeam "Frankfurt SC Koenig Nied"]
[WhiteTeamCountry "GER"]
[BlackTeamCountry "GER"]

1. Nf3 g6 2. c4 Bg7 3. g3 d6 4. Bg2 e5 5. Nc3 c5 6. a3 Nc6 7. Rb1 Nge7 8. b4
O-O 9. d3 h6 10. Bd2 Rb8 11. O-O b6 12. Ne1 Bd7 13. Nc2 Nf5 14. Nd5 Nce7 15.
Nce3 1/2-1/2

[Event "Oberliga Ost B 2016 2017"]
[Site "Germany"]
[Date "2017.05.07"]
[Round "11.7"]
[White "Perlitz, Sven"]
[Black "Foermes, Alexander"]
[Result "1/2-1/2"]
[WhiteElo "2065"]
[BlackElo "2079"]
[PlyCount "22"]
[EventDate "2016.10.16"]
[EventType "team-tourn"]
[EventCountry "GER"]
[WhiteTeam "Frankfurt SC Koenig Nied"]
[BlackTeam "Marburg SK"]
[WhiteTeamCountry "GER"]
[BlackTeamCountry "GER"]

1. e4 c6 2. c4 d5 3. cxd5 cxd5 4. exd5 Nf6 5. Nc3 Nxd5 6. Nf3 Nc6 7. d4 Bf5 8.
Bb5 Qa5 9. O-O Nxc3 10. Bxc6+ bxc6 11. Qd2 Bg4 1/2-1/2

[Event "Oberliga Ost B 2016 2017"]
[Site "Germany"]
[Date "2017.05.07"]
[Round "11.8"]
[White "Neidhardt, Helge"]
[Black "Goll, Christof"]
[Result "1/2-1/2"]
[WhiteElo "2040"]
[BlackElo "2082"]
[PlyCount "55"]
[EventDate "2016.10.16"]
[EventType "team-tourn"]
[EventCountry "GER"]
[WhiteTeam "Marburg SK"]
[BlackTeam "Frankfurt SC Koenig Nied"]
[WhiteTeamCountry "GER"]
[BlackTeamCountry "GER"]

1. d4 e6 2. e4 d5 3. exd5 exd5 4. Nf3 Bd6 5. c4 c6 6. c5 Be7 7. Nc3 Nf6 8. Bd3
Bg4 9. h3 Bh5 10. O-O O-O 11. Re1 Nbd7 12. Bf4 Re8 13. b4 a6 14. g4 Bg6 15.
Bxg6 hxg6 16. Qd3 Bf8 17. Be5 Nh7 18. Bf4 Nhf6 19. Rxe8 Qxe8 20. Re1 Qd8 21.
Bg5 Qc7 22. Kg2 Re8 23. Rxe8 Nxe8 24. Qe2 Nef6 25. a4 Qc8 26. Nd2 Ne8 27. Qd3
Nc7 28. Bh4 1/2-1/2

[Event "Oberliga Ost B 2016 2017"]
[Site "Germany"]
[Date "2017.05.07"]
[Round "11.1"]
[White "Telljohann, Sven"]
[Black "Dubiel, Jacek"]
[Result "1/2-1/2"]
[WhiteElo "2409"]
[BlackElo "2423"]
[PlyCount "34"]
[EventDate "2016.10.16"]
[EventType "team-tourn"]
[EventCountry "GER"]
[WhiteTeam "Frankfurter TV"]
[BlackTeam "Oberursel SV"]
[WhiteTeamCountry "GER"]
[BlackTeamCountry "GER"]

1. Nf3 d5 2. g3 Nd7 3. Bg2 e5 4. O-O Ngf6 5. d3 c6 6. Nfd2 Bd6 7. c4 O-O 8. a3
a5 9. cxd5 cxd5 10. Nc3 Nb6 11. Nb5 Bb8 12. a4 Bd7 13. Qb3 Bc6 14. Nb1 Qd7 15.
Bd2 Nxa4 16. Rxa4 Bxb5 17. Rxa5 Ba4 1/2-1/2

[Event "Oberliga Ost B 2016 2017"]
[Site "Germany"]
[Date "2017.05.07"]
[Round "11.2"]
[White "Margolin, Boris"]
[Black "Brueggemann, Ludger"]
[Result "1/2-1/2"]
[WhiteElo "2391"]
[BlackElo "2190"]
[PlyCount "98"]
[EventDate "2016.10.16"]
[EventType "team-tourn"]
[EventCountry "GER"]
[WhiteTeam "Oberursel SV"]
[BlackTeam "Frankfurter TV"]
[WhiteTeamCountry "GER"]
[BlackTeamCountry "GER"]

1. e4 c5 2. Nf3 Nc6 3. Bc4 e6 4. Qe2 a6 5. c3 b5 6. Bb3 Qb6 7. O-O d6 8. Rd1 c4
9. Bc2 Bd7 10. b3 Na5 11. b4 Nc6 12. a4 Rb8 13. axb5 axb5 14. d3 cxd3 15. Bxd3
Nf6 16. Na3 Ne5 17. Nxe5 dxe5 18. Bd2 Be7 19. Nc2 O-O 20. Ra5 Qb7 21. Rda1 Ra8
22. f3 Rxa5 23. Rxa5 Bd8 24. Ra3 Bb6+ 25. Be3 Bc6 26. Bxb6 Qxb6+ 27. Qf2 Rb8
28. Ra5 Ne8 29. Na1 Nd6 30. Nb3 Qxf2+ 31. Kxf2 Ra8 32. Ke3 Kf8 33. Nc5 Ke7 34.
Rxa8 Bxa8 35. Bc2 Bc6 36. Bb3 Nb7 37. Nd3 Kd6 38. Nb2 Ke7 39. c4 bxc4 40. Nxc4
f6 41. Kd2 Nd6 42. Nxd6 Kxd6 43. Kc3 Bb5 44. Bc4 Ba4 45. Be2 Kc6 46. Kb2 Kb6
47. Ka3 Bd7 48. Bc4 f5 49. h4 h6 1/2-1/2

[Event "Oberliga Ost B 2016 2017"]
[Site "Germany"]
[Date "2017.05.07"]
[Round "11.3"]
[White "Rutkowski, Ingo"]
[Black "Schlamp, Robert"]
[Result "0-1"]
[WhiteElo "2168"]
[BlackElo "2263"]
[PlyCount "58"]
[EventDate "2016.10.16"]
[EventType "team-tourn"]
[EventCountry "GER"]
[WhiteTeam "Frankfurter TV"]
[BlackTeam "Oberursel SV"]
[WhiteTeamCountry "GER"]
[BlackTeamCountry "GER"]

1. e4 e6 2. Nf3 d5 3. Nc3 Nf6 4. e5 Nfd7 5. d4 c5 6. dxc5 Bxc5 7. Bd3 Nc6 8.
Bf4 a6 9. O-O b5 10. Qe2 Nb6 11. a4 b4 12. Nd1 Qc7 13. Bg3 Bb7 14. a5 Nd7 15.
Ne3 Nd4 16. Nxd4 Bxd4 17. f4 Bxb2 18. Rab1 Bc3 19. Nd1 Bd4+ 20. Kh1 Bc5 21. f5
Nf8 22. Ra1 h5 23. h3 exf5 24. e6 Qxg3 25. exf7+ Kxf7 26. Bxf5 Kg8 27. Nf2 Bd6
28. Ng4 hxg4 29. Be6+ Kh7 0-1

[Event "Oberliga Ost B 2016 2017"]
[Site "Germany"]
[Date "2017.05.07"]
[Round "11.4"]
[White "Haubt, Georg"]
[Black "Neininger, Ralph"]
[Result "1-0"]
[WhiteElo "2161"]
[BlackElo "2125"]
[PlyCount "143"]
[EventDate "2016.10.16"]
[EventType "team-tourn"]
[EventCountry "GER"]
[WhiteTeam "Oberursel SV"]
[BlackTeam "Frankfurter TV"]
[WhiteTeamCountry "GER"]
[BlackTeamCountry "GER"]

1. d4 c5 2. d5 Nf6 3. Nf3 b5 4. Bg5 Qa5+ 5. c3 Ne4 6. Bf4 d6 7. e3 b4 8. Bd3
bxc3 9. bxc3 Nf6 10. e4 Bg4 11. O-O Nbd7 12. h3 Bxf3 13. gxf3 g6 14. Bd2 Bg7
15. c4 Qc7 16. Nc3 O-O 17. f4 Rfb8 18. Re1 a6 19. Ne2 Nh5 20. Rb1 Rxb1 21. Bxb1
Rb8 22. Bc2 Nb6 23. Bd3 Qd7 24. Kh2 Qa4 25. Qb3 Qxb3 26. axb3 Nd7 27. Bc2 Rb7
28. Nc1 Bh6 29. Nd3 Ne5 30. fxe5 Bxd2 31. Ra1 Rb6 32. exd6 exd6 33. e5 Bc3 34.
Rd1 Bxe5+ 35. Nxe5 dxe5 36. d6 Rb8 37. b4 cxb4 38. c5 Nf6 39. c6 Rc8 40. Ba4
Kf8 41. d7 Nxd7 42. Rxd7 b3 43. Rb7 b2 44. Rxb2 Ke7 45. Kg3 Rc7 46. Kf3 f5 47.
Ke3 Kd6 48. Kd3 Kc5 49. Kc3 g5 50. Rb8 g4 51. hxg4 fxg4 52. Re8 Kd6 53. Kc4 Rf7
54. Rd8+ Kc7 55. Rd2 Rf4+ 56. Kb3 Rf3+ 57. Kb4 Kb6 58. Rb2 Rf4+ 59. Ka3+ Kc7
60. Rb7+ Kc8 61. Bb3 Rf6 62. Bd5 h5 63. Re7 e4 64. Be6+ Kd8 65. Rd7+ Kc8 66.
Bd5 Rxf2 67. Rh7 Rf6 68. Rxh5 g3 69. Rg5 Rf3+ 70. Kb4 Rd3 71. Kc5 Rc3+ 72. Kd6
1-0

[Event "Oberliga Ost B 2016 2017"]
[Site "Germany"]
[Date "2017.05.07"]
[Round "11.5"]
[White "Diyap, Murat"]
[Black "Koller, Jens"]
[Result "0-1"]
[WhiteElo "2084"]
[BlackElo "2203"]
[PlyCount "70"]
[EventDate "2016.10.16"]
[EventType "team-tourn"]
[EventCountry "GER"]
[WhiteTeam "Frankfurter TV"]
[BlackTeam "Oberursel SV"]
[WhiteTeamCountry "GER"]
[BlackTeamCountry "GER"]

1. e4 c5 2. Nf3 e6 3. d4 cxd4 4. Nxd4 Nc6 5. g3 a6 6. Bg2 Nge7 7. Nc3 Nxd4 8.
Qxd4 Nc6 9. Qd3 Ne5 10. Qe2 Qc7 11. O-O Bb4 12. Bd2 Bc5 13. Rad1 b5 14. Bf4 d6
15. Nb1 Bb7 16. Bxe5 dxe5 17. Rc1 O-O 18. Nd2 Rfd8 19. c4 b4 20. Rfd1 a5 21.
Nb3 Be7 22. Rxd8+ Rxd8 23. Rd1 a4 24. Rxd8+ Qxd8 25. Nc1 Qd4 26. Qc2 Bc5 27.
Nd3 Bxe4 28. Bxe4 Qxe4 29. b3 a3 30. h3 g6 31. Kh2 Bxf2 32. Qd2 Qd4 33. Qe2 Be3
34. Kg2 Qe4+ 35. Kh2 Bg1+ 0-1

[Event "Oberliga Ost B 2016 2017"]
[Site "Germany"]
[Date "2017.05.07"]
[Round "11.6"]
[White "Nichols, Marc"]
[Black "Du Maire, Jerome"]
[Result "1-0"]
[WhiteElo "2137"]
[BlackElo "2169"]
[PlyCount "117"]
[EventDate "2016.10.16"]
[EventType "team-tourn"]
[EventCountry "GER"]
[WhiteTeam "Oberursel SV"]
[BlackTeam "Frankfurter TV"]
[WhiteTeamCountry "GER"]
[BlackTeamCountry "GER"]

1. e4 e6 2. d4 d5 3. e5 c5 4. c3 Nc6 5. Nf3 Nh6 6. Bd3 f6 7. O-O Nf7 8. Re1
fxe5 9. dxe5 g6 10. Nbd2 Bg7 11. Bb5 Bd7 12. Nb3 b6 13. Qe2 O-O 14. Bf4 g5 15.
Bxc6 Bxc6 16. Bg3 g4 17. Nh4 Qg5 18. f4 gxf3 19. Nxf3 Qh5 20. Rad1 Nh6 21. Nbd2
a5 22. b3 Nf5 23. Bf2 Ne7 24. Nf1 Qe8 25. Ng3 Nf5 26. a3 Bb5 27. Qb2 Nxg3 28.
Bxg3 Qg6 29. b4 axb4 30. axb4 Bc4 31. Ra1 Qd3 32. bxc5 Rxa1 33. Rxa1 bxc5 34.
Qb6 Qxc3 35. Qxe6+ Kh8 36. Re1 d4 37. Qd6 Bb5 38. e6 Re8 39. Be5 Bxe5 40. Qxe5+
Kg8 41. Qg5+ Kh8 42. Qf6+ Kg8 43. Qf7+ Kh8 44. e7 Qc4 45. Ng5 Qxf7 46. Nxf7+
Kg7 47. Nd6 Bd7 48. Nxe8+ Bxe8 49. Rc1 Kf6 50. Rxc5 Kxe7 51. Re5+ Kf7 52. Rd5
Kg6 53. Kf2 Kf6 54. Rxd4 Bg6 55. Kf3 Ke5 56. Ra4 Bc2 57. Ra5+ Kd4 58. Kf4 Kd3
59. Re5 1-0

[Event "Oberliga Ost B 2016 2017"]
[Site "Germany"]
[Date "2017.05.07"]
[Round "11.7"]
[White "Krzesinski, Paul"]
[Black "Stork, Oliver"]
[Result "0-1"]
[WhiteElo "2046"]
[BlackElo "1952"]
[PlyCount "58"]
[EventDate "2016.10.16"]
[EventType "team-tourn"]
[EventCountry "GER"]
[WhiteTeam "Frankfurter TV"]
[BlackTeam "Oberursel SV"]
[WhiteTeamCountry "GER"]
[BlackTeamCountry "GER"]

1. e4 c6 2. d4 d5 3. Nc3 dxe4 4. Nxe4 Bf5 5. Ng3 Bg6 6. Nf3 Nd7 7. h4 h6 8. h5
Bh7 9. Bd3 Bxd3 10. Qxd3 e6 11. Bd2 Ngf6 12. O-O-O Be7 13. Ne4 Nxe4 14. Qxe4
Nf6 15. Qe2 Qd5 16. Ne5 Qxa2 17. c3 a5 18. Qc4 Qxc4 19. Nxc4 O-O 20. f3 b5 21.
Ne5 Rfc8 22. g4 Nd5 23. Kb1 c5 24. dxc5 Rxc5 25. Rhe1 a4 26. Nd3 Rc6 27. Nf4
Nb6 28. Re5 Nc4 29. Rxb5 Rd6 0-1

[Event "Oberliga Ost B 2016 2017"]
[Site "Germany"]
[Date "2017.05.07"]
[Round "11.1"]
[White "Heyder, Florian"]
[Black "Lubbe, Nikolas"]
[Result "0-1"]
[WhiteElo "2161"]
[BlackElo "2500"]
[PlyCount "118"]
[EventDate "2016.10.16"]
[EventType "team-tourn"]
[EventCountry "GER"]
[WhiteTeam "Sangerhausen SV"]
[BlackTeam "Neuberg SF"]
[WhiteTeamCountry "GER"]
[BlackTeamCountry "GER"]

1. e4 c5 2. Nf3 d6 3. Bb5+ Nd7 4. O-O a6 5. Bxd7+ Bxd7 6. d4 cxd4 7. Nxd4 Nf6
8. Re1 e5 9. Nb3 h6 10. Nc3 Be7 11. a4 O-O 12. a5 Rc8 13. Be3 Qc7 14. Qd3 Be6
15. Bb6 Qc6 16. Rac1 Rfe8 17. Red1 Qc4 18. f3 Bf8 19. Qxc4 Rxc4 20. Nd2 Rc6 21.
Nf1 Nd7 22. Nd5 Nxb6 23. Nxb6 Be7 24. Ne3 Bd8 25. Ned5 Bg5 26. c3 Bxc1 27. Rxc1
Bxd5 28. Nxd5 f6 29. Kf2 Kf7 30. Ke3 g6 31. Kd3 f5 32. b4 Ke6 33. Rb1 Rf8 34.
Rb2 fxe4+ 35. fxe4 Rf1 36. Ne3 Re1 37. Rc2 Rc8 38. h3 h5 39. Kd2 Rb1 40. Kd3
Rf8 41. Rd2 Re1 42. Rc2 Rf4 43. Rb2 Ra1 44. Rd2 g5 45. Nd5 Rff1 46. Ne3 Rf7 47.
Ke2 Rf4 48. Kd3 Rf7 49. Ke2 Rg1 50. Kd3 Re1 51. Rb2 Rf4 52. Rd2 g4 53. hxg4
hxg4 54. b5 Ra1 55. bxa6 bxa6 56. Nc4 d5 57. exd5+ Kxd5 58. Ne3+ Ke6 59. Nc4
Ra4 0-1

[Event "Oberliga Ost B 2016 2017"]
[Site "Germany"]
[Date "2017.05.07"]
[Round "11.2"]
[White "Lubbe, Melanie"]
[Black "Guenther, Christian"]
[Result "1-0"]
[WhiteElo "2261"]
[BlackElo "2161"]
[PlyCount "45"]
[EventDate "2016.10.16"]
[EventType "team-tourn"]
[EventCountry "GER"]
[WhiteTeam "Neuberg SF"]
[BlackTeam "Sangerhausen SV"]
[WhiteTeamCountry "GER"]
[BlackTeamCountry "GER"]

1. e4 Nf6 2. e5 Nd5 3. d4 d6 4. c4 Nb6 5. exd6 exd6 6. Nc3 Nc6 7. Be3 Be7 8. b3
Bf5 9. Nf3 O-O 10. Be2 Bf6 11. O-O Re8 12. Qd2 h6 13. h3 d5 14. c5 Nc8 15. a3
N8e7 16. b4 a6 17. Nh2 g5 18. f4 gxf4 19. Rxf4 Bg5 20. Rf2 f6 21. Raf1 Bg6 22.
Bxg5 fxg5 23. h4 1-0

[Event "Oberliga Ost B 2016 2017"]
[Site "Germany"]
[Date "2017.05.07"]
[Round "11.3"]
[White "Richter, Dustin"]
[Black "Wahedi, Ahmad Siar"]
[Result "1-0"]
[WhiteElo "2130"]
[BlackElo "2294"]
[PlyCount "79"]
[EventDate "2016.10.16"]
[EventType "team-tourn"]
[EventCountry "GER"]
[WhiteTeam "Sangerhausen SV"]
[BlackTeam "Neuberg SF"]
[WhiteTeamCountry "GER"]
[BlackTeamCountry "GER"]

1. Nf3 d5 2. g3 e6 3. Bg2 f5 4. O-O Nf6 5. d3 Be7 6. Nbd2 O-O 7. Ne5 Nbd7 8.
Nxd7 Bxd7 9. e4 fxe4 10. dxe4 Be8 11. e5 Bh5 12. Qe1 Ng4 13. Nb3 Qd7 14. h3 Nh6
15. Bxh6 gxh6 16. Qd2 Kg7 17. g4 Be8 18. Rae1 Qb5 19. f4 Qb6+ 20. Kh1 Bb5 21.
Rf3 c5 22. f5 Bh4 23. f6+ Kg6 24. c4 Bxe1 25. Qxe1 Kf7 26. cxb5 c4 27. Qb4 Kg8
28. Nc1 Rf7 29. Ne2 a6 30. Qd2 axb5 31. a3 Qc7 32. Qd4 Qa5 33. Nf4 Ra6 34. Rf1
Qb6 35. Nxe6 Qxe6 36. Bxd5 Qe8 37. Bxf7+ Kxf7 38. Qd5+ Kf8 39. Qc5+ Kf7 40.
Qc7+ 1-0

[Event "Oberliga Ost B 2016 2017"]
[Site "Germany"]
[Date "2017.05.07"]
[Round "11.4"]
[White "Seifert, Christopher"]
[Black "Engelmann, Jakob"]
[Result "1-0"]
[WhiteElo "2294"]
[BlackElo "2256"]
[PlyCount "57"]
[EventDate "2016.10.16"]
[EventType "team-tourn"]
[EventCountry "GER"]
[WhiteTeam "Neuberg SF"]
[BlackTeam "Sangerhausen SV"]
[WhiteTeamCountry "GER"]
[BlackTeamCountry "GER"]

1. d4 d6 2. Nf3 g6 3. h4 Bg4 4. Qd3 Bxf3 5. Qxf3 c6 6. h5 Bg7 7. c3 Nd7 8. Na3
e5 9. Nc4 Qc7 10. dxe5 Nxe5 11. Nxe5 dxe5 12. Bg5 h6 13. Be3 g5 14. O-O-O Qa5
15. Qf5 Rd8 16. Rxd8+ Qxd8 17. Bc5 Ne7 18. Qe4 b6 19. Bxe7 Kxe7 20. Qxc6 Qd7
21. Qxd7+ Kxd7 22. e3 Rd8 23. g4 e4 24. Bg2 Ke6 25. Bxe4 Ke5 26. Bc2 Bf8 27.
Rh3 Bd6 28. Rf3 Rd7 29. Rf5+ 1-0

[Event "Oberliga Ost B 2016 2017"]
[Site "Germany"]
[Date "2017.05.07"]
[Round "11.5"]
[White "Hellwig, Tobias"]
[Black "Lutz, Klaus Juergen"]
[Result "0-1"]
[WhiteElo "2182"]
[BlackElo "2277"]
[PlyCount "82"]
[EventDate "2016.10.16"]
[EventType "team-tourn"]
[EventCountry "GER"]
[WhiteTeam "Sangerhausen SV"]
[BlackTeam "Neuberg SF"]
[WhiteTeamCountry "GER"]
[BlackTeamCountry "GER"]

1. d4 d6 2. Nf3 Bg4 3. e3 Nd7 4. Be2 Ngf6 5. h3 Bh5 6. b3 e5 7. dxe5 dxe5 8.
Bb2 Bd6 9. Nbd2 e4 10. Nd4 Bg6 11. Nc4 Bb4+ 12. c3 Be7 13. Bg4 Nc5 14. O-O Nd3
15. Rb1 Nxg4 16. Qxg4 h5 17. Qe2 c5 18. Nc2 Qd5 19. Ne1 Rd8 20. Ba1 Bf6 21. Na3
Qg5 22. Nxd3 Rxd3 23. c4 O-O 24. Rfd1 h4 25. Bxf6 Qxf6 26. Rxd3 exd3 27. Qd2
Qg5 28. Re1 Be4 29. f4 Qg3 30. Qf2 Rd8 31. Rd1 Qxf2+ 32. Kxf2 d2 33. g3 hxg3+
34. Kxg3 Bg6 35. Kg4 Be4 36. f5 g6 37. fxg6 Bxg6 38. h4 f5+ 39. Kg5 f4 40. exf4
Be4 41. Kg4 Rd3 0-1

[Event "Oberliga Ost B 2016 2017"]
[Site "Germany"]
[Date "2017.05.07"]
[Round "11.7"]
[White "Duchrow, Oliver"]
[Black "Drill, Frank"]
[Result "0-1"]
[WhiteElo "2069"]
[BlackElo "2049"]
[PlyCount "76"]
[EventDate "2016.10.16"]
[EventType "team-tourn"]
[EventCountry "GER"]
[WhiteTeam "Sangerhausen SV"]
[BlackTeam "Neuberg SF"]
[WhiteTeamCountry "GER"]
[BlackTeamCountry "GER"]

1. e4 Nc6 2. d4 d5 3. e5 f6 4. exf6 Nxf6 5. Bf4 a6 6. h4 e6 7. Nf3 Bd6 8. Ne5
O-O 9. g3 Qe8 10. Be2 Nd7 11. Nxd7 Qxd7 12. Bxd6 Qxd6 13. Qd2 e5 14. c3 Qf6 15.
f4 exf4 16. Rf1 Qg6 17. gxf4 Bh3 18. Bf3 Bxf1 19. Kxf1 Qd6 20. Kg2 Rxf4 21. Qf2
Ne7 22. Nd2 Nf5 23. Rh1 Re8 24. Rh3 c6 25. Nf1 Kh8 26. Nh2 Qe7 27. Ng4 Rxg4+
28. Bxg4 Ne3+ 29. Rxe3 Qxe3 30. Qxe3 Rxe3 31. Kf2 Re4 32. Bc8 Re7 33. b4 Kg8
34. a4 Kf8 35. a5 Ke8 36. Kf3 Kd8 37. Bf5 g6 38. Bh3 Re4 0-1

[Event "Oberliga Ost B 2016 2017"]
[Site "Germany"]
[Date "2017.05.07"]
[Round "11.8"]
[White "Skarke, Harald"]
[Black "Buerckner, Georg"]
[Result "1/2-1/2"]
[WhiteElo "2013"]
[BlackElo "2052"]
[PlyCount "49"]
[EventDate "2016.10.16"]
[EventType "team-tourn"]
[EventCountry "GER"]
[WhiteTeam "Neuberg SF"]
[BlackTeam "Sangerhausen SV"]
[WhiteTeamCountry "GER"]
[BlackTeamCountry "GER"]

1. e4 e5 2. Bc4 d6 3. Nc3 Nf6 4. d3 Be7 5. f4 exf4 6. Bxf4 O-O 7. Nf3 Nc6 8.
O-O Na5 9. Bb3 Nxb3 10. axb3 b6 11. Ne2 Nh5 12. Be3 Bb7 13. c4 a5 14. Nc3 Bf6
15. Qd2 Qd7 16. h3 Bxc3 17. bxc3 f5 18. exf5 Ng3 19. Rf2 Nxf5 20. Bf4 Rae8 21.
d4 Bxf3 22. Rxf3 Nh4 23. Rff1 Qe6 24. Rae1 Qg6 25. Rxe8 1/2-1/2